Catálogo
 En Linea

Cantos de media isla : poemas ; (Registro nro. 9655)

Detalles MARC
000 -CABECERA
campo de control de longitud fija 01028nam a2200265 a 4500
001 - NÚMERO DE CONTROL
campo de control 000009896
005 - FECHA Y HORA DE LA ÚLTIMA TRANSACCIÓN
campo de control 20240412074213.0
008 - DATOS DE LONGITUD FIJA--INFORMACIÓN GENERAL
campo de control de longitud fija 091002t2000 dr 001 0 spa d
040 ## - FUENTE DE LA CATALOGACIÓN
Centro catalogador/agencia de origen DO-SdBNP
Lengua de catalogación spa
Centro/agencia transcriptor BNPHU
082 ## - NÚMERO DE LA CLASIFICACIÓN DECIMAL DEWEY
Número de clasificación RD868.44
Número de documento/Ítem C957c
049 ## - FONDOS LOCALES (OCLC)
Fondos de biblioteca BNPD
100 1# - ENTRADA PRINCIPAL--NOMBRE DE PERSONA
Nombre de persona Cruz Mieses, Santiago de la
9 (RLIN) 24829
245 10 - MENCIÓN DE TÍTULO
Título Cantos de media isla : poemas ;
Resto del título Los enigmas : cuentos /
Mención de responsabilidad, etc. Santiago de la Cruz Mieses ; prólogo Narciso González (Narcizaso).
246 13 - FORMA VARIANTE DE TÍTULO
Título propio/Titulo breve Los enigmas :
Resto del título cuentos
260 ## - PUBLICACIÓN, DISTRIBUCIÓN, ETC.
Lugar de publicación, distribución, etc. Santo Domingo :
Nombre del editor, distribuidor, etc. Universitaria de la UASD,
Fecha de publicación, distribución, etc. 2000.
300 ## - DESCRIPCIÓN FÍSICA
Extensión 134, 85 p. ;
Dimensiones 22 cm.
501 ## - NOTA DE "CON"
Nota de “Con” Publicado con : Los enigmas : cuentos / Santiago de la Cruz Mieses.
563 ## - NOTA DE ENCUADERNACIÓN
Nota de encuadernación Dos obras con paginación independiente en encuadernación invertida.
650 #0 - PUNTO DE ACCESO ADICIONAL DE MATERIA--TÉRMINO DE MATERIA
Término de materia o nombre geográfico como elemento de entrada Cuentos dominicanos
9 (RLIN) 176
650 #0 - PUNTO DE ACCESO ADICIONAL DE MATERIA--TÉRMINO DE MATERIA
Término de materia o nombre geográfico como elemento de entrada Poesía dominicana
9 (RLIN) 66
650 #0 - PUNTO DE ACCESO ADICIONAL DE MATERIA--TÉRMINO DE MATERIA
Término de materia o nombre geográfico como elemento de entrada Literatura dominicana.
9 (RLIN) 67
700 12 - PUNTO DE ACCESO ADICIONAL--NOMBRE DE PERSONA
Nombre de persona González, Narciso, (Narcizaso),
Término indicativo de función/relación pról.
9 (RLIN) 24830
740 42 - PUNTO DE ACCESO ADICIONAL--TÍTULO RELACIONADO O ANALÍTICO NO CONTROLADO
Título relacionado o analítico no controlado Los enigmas : cuentos
910 ## - DATOS DE OPCIÓN DEL USUARIO (OCLC)
Datos de opción del usuario Validado. Control de calidad EMS.
Existencias
Estado de retiro Estado de pérdida No para préstamo Código de colección Localización permanente Ubicación/localización actual Ubicación en estantería Fecha de adquisición Número de inventario Total de préstamos Signatura topográfica completa Código de barras Fecha visto por última vez Número de copia Precio válido a partir de Tipo de ítem Koha Restricciones de uso Nota pública
    Excluido de préstamo Dominicana de Servicio General General Depósito 02.11.2009 LF1   RD868.44 C957c 9896-40 25.06.2020 e. 4 25.06.2020 Libro y Folleto Colección Dominicana de Servicio    
      Dominicana de Servicio General General Depósito 02.11.2009 LF1   RD868.44 C957c 9896-30 25.06.2020 e. 3 25.06.2020 Libro y Folleto Colección Dominicana de Servicio    
    Excluido de préstamo Patrimonio Dominicano Patrimonio Dominicano Patrimonio Dominicano Depósito 02.10.2009 LF1   RD868.44 C957c 9896-10 25.06.2020   25.06.2020 Libro y Folleto Colección Patrimonio Dominicano    
    Excluido de préstamo Patrimonio Dominicano Patrimonio Dominicano Patrimonio Dominicano Depósito 02.10.2009 LF1   RD868.44 C957c 9896-20 25.06.2020 e. 2 25.06.2020 Libro y Folleto Colección Patrimonio Dominicano   Dedicado por el autor a Diogenes Cespedes

Con tecnología Koha